01032 2200349 4500001002100000005001500021035002000036007000300056040001700059100002700076245010200103250001200205300003600217504002600253020001800279041000800297082001000305084001600315090002200331264004300353336002100396337003000417338002300447500003000470650001200500700004200512700003300554850001000587008004100597990002200638990002200660INLIS00000000000813320260529075242 a0010-0922000622ta aSBPUPADbind0 aMona SintiaePengarang1 aMendesain, Membuat, dan Merawat Taman Rumah :bKiat Mengatasi Permasalahan Praktis /cMona Sintia a.-Cet.2 aiv, 114 hlm :bilus. ;c23,5 cm aBibliografi, hlm. 105 a979-3357-83-507aind a712.5 a712.5 MON m a712.5 MON m L22-6 a.--Jakarta :bAgroMedia Pustaka,c2004 2rdacontentateks 2rdamediaatanpa perantara 2rdacarrieravolume aTentang Penulis, hlm. 111 4aTanaman0 aPengarang Ke-2, MurhanantoePengarang0 aPenyunting, TettyePengarang aPUPAD260529 0  a2325/H/ARPUS/2007 a2324/H/ARPUS/2007